000 005060000a22001810004500
003 MACL
005 20160320165321.0
008 160320b xxu||||| |||| 00| 0 eng d
040 _aMACL
_cMACL
041 _aHindi
082 _a070
100 _aवंदना मिश्र
_947933
245 _aसंचार के सिद्धांत
260 _aदिल्‍ली
_bग्रंथ शिल्‍पी
_c2010
350 _a350
650 _aMedia
_947934
942 _cHIN
_k070
_2ddc
999 _c46035
_d46035